00327nam a2200121Ia 4500008004000000041000800040082001100048100002600059245004200085260004500127300001200172650002100184210210b1957 xxu||||| |||| 00| 0 eng d aeng a030/72 aNICHOLSON (Margaret). aDictionary of American-English usage. aNew YorkbOxford University Pressc1957 axii,671 aAmerican English